000 00464nam a2200193Ia 4500
005 20250603145044.0
008 250603s9999 xx 000 0 und d
020 _a9788131227039
050 _aQP 34.5 .H35/
100 _aHall, John E.
245 0 _aGuyton and hall textbook of medical physiology
250 _a12th ed.
260 _aNew Delhi
260 _bElsevier Sunders
260 _c2011
300 _a1091 p
650 _aNew Delhi
942 _cBK
999 _c40739
_d40739